000 00215nam a2200085Ia 4500
008 120527s9999 xx 000 0 und d
100 _aDodson, Edwrad
245 _aGenetics: the modern science of heredity
942 _cBK
999 _c27356
_d27356